000 00411 a2200157 4500
001 166377
020 _a
040 _cMagnum
100 _aMatui, Jiron
240 1 0 _aConstrutivismo: teoria construtivista socio-historica aplicada ao...
_lpor
245 1 0 _aConstrutivismo: teoria construtivista socio-historica aplicada ao...
362 0 _a1899
440 1 _aModerna
697 _aPEDAGOGIA
942 _cBK
999 _c166377
_d166377